Gminy z największym udziałem Kaszubów - Statystyki

Ogólne statystyki
  • Ten quiz został rozwiązany 26 razy
  • Średni wynik to 31 z 58
Statystyki odpowiedzi
Gmina Kréz Ùdzél % % Poprawnych
Kartuzë Kartësczi 41,48
95%
Kòscérzna Kòscérsczi 25,37
84%
Kòscérzna Gard Kòscérsczi 34,30
84%
Lãbòrg Lãbòrsczi 2,52
84%
Pùck Pùcczi 32,34
84%
Pùck Gard Pùcczi 28,24
84%
Wejrowò Wejrowsczi 18,63
84%
Wejrowò Gard Wejrowsczi 14,80
84%
Bëtowò Bëtowsczi 15,77
79%
Gduńsk 1,09
79%
Gdyniô 2,31
79%
Réda Wejrowsczi 7,17
79%
Rëmiô Wejrowsczi 6,02
79%
Sopòt 1,21
79%
Wiôlgô Wies Pùcczi 28,95
79%
Żukòwò Kartësczi 14,44
79%
Chònice Chònicczi 2,91
74%
Chònice Gard Chònicczi 2,19
74%
Hél Pùcczi 19,53
74%
Łeba Lãbòrsczi 1,77
74%
Stãżëca Kartësczi 63,01
68%
Brusë Chònicczi 41,26
63%
Jastarniô Pùcczi 54,66
63%
Serakòjce Kartësczi 53,38
63%
Kòlbùde Gdùńsczi 1,56
58%
Somònino Kartësczi 39,10
58%
Kòrseno Kòscérsczi 54,63
53%
Nowô Wies Lãbòrsczi 5,20
53%
Dzemiónë Kòscérsczi 61,77
47%
Kònôrzënë Chònicczi 31,85
47%
Kòsôkòwò Pùcczi 5,99
47%
Parchòwò Bëtowsczi 28,88
47%
Przedkòwò Kartësczi 40,66
47%
Chmielno Kartësczi 46,51
42%
Chòczewò Wejrowsczi 2,76
42%
Lëpùsz Kòscérsczi 50,43
42%
Lëzëno Wejrowsczi 34,80
42%
Nowô Karczma Kòscérsczi 6,05
42%
Sëlëczeno Kartësczi 75,43
42%
Cewice Lãbòrsczi 15,35
37%
Krokòwò Pùcczi 31,79
37%
Lëniewò Kòscérsczi 4,19
37%
Lëniô Wejrowsczi 41,85
37%
Lëpińce Bëtowsczi 71,12
37%
Tëchòmië Bëtowsczi 30,56
37%
Czôrnô Dąbrówka Bëtowsczi 11,72
32%
Gniéwino Wejrowsczi 17,47
32%
Łãczëcë Wejrowsczi 28,00
32%
Przechlewò Człuchòwsczi 1,96
32%
Przëwidz Gdùńsczi 3,76
32%
Szëmôłd Wejrowsczi 30,77
32%
Wickò Lãbòrsczi 1,10
32%
Stëdzéńcë Bëtowsczi 28,32
26%
Stôrô Cziszewa Kòscérsczi 6,27
26%
Dãbnica Kaszëbskô Stôłpsczi 1,28
21%
Kòczała Człuchòwsczi 1,12
21%
Kòłczëgłowë Bëtowsczi 8,03
16%
Bòrzëtëchòmié Bëtowsczi 14,53
11%
Nie znaleziono quizów pasujących do podanych kryteriów
Rozkład punktacji
Procent ludzi z każdym wynikiem
Percentyl według liczby udzielonych odpowiedzi
Twoja historia wyników
Nie rozwiązałeś tego quizu